[Event "Mar del Plata op"]
[Site "Mar del Plata"]
[Date "1994.??.??"]
[Round "7"]
[White "Pappa, Domingo"]
[Black "Marcussi, Bartolome"]
[Result "1/2-1/2"]
[WhiteElo "2150"]
[BlackElo "2275"]

1.d4 Nf6 2.c4 g6 3.Nc3 Bg7 4.e4 d6 5.Nf3 O-O 6.Be2 e5 7.O-O Nc6 8.d5 Ne7
9.Ne1 Nd7 10.Nd3 f5 11.f3 f4 12.g4 fxg3 13.hxg3 h6 14.Be3 Nf6 15.Qd2 g5 16.Kg2 c5
17.Rh1 Ng6 18.a3 b6 19.b4 Rb8 20.b5 Ne8 21.a4 Qf6 22.a5 Rf7 23.Qc2 Bf8 24.a6 Rg7
25.Rh2 Nf4+ 26.Kf2 Nxe2 27.Qxe2 Rf7 28.Kg2 Qg6 29.g4 Nf6 30.Rg1 Bg7 31.Rgh1 Nd7
32.Nb1 Nf8 33.Nd2 Qf6 34.Nf1 Ng6 35.Ng3 Nh4+ 36.Rxh4 gxh4 37.Nh5 Qe7 38.Qe1 Bd7
39.Qxh4 Qxh4 40.Rxh4 Bf8 41.Ng3 Rh7 42.Nf5 Bxf5 43.exf5 Kg7 44.Nf2  1/2-1/2

[Event "Maribor Pirc"]
[Site "Maribor"]
[Date "1994.??.??"]
[Round "6"]
[White "Kozul, Zdenko"]
[Black "Mohr, Georg"]
[Result "1/2-1/2"]
[WhiteElo "2575"]
[BlackElo "2420"]

1.d4 Nf6 2.Nf3 g6 3.c4 Bg7 4.Nc3 O-O 5.e4 d6 6.Be2 e5 7.O-O Nc6 8.d5 Ne7
9.Ne1 Nd7 10.Nd3 f5 11.Bd2 fxe4 12.Nxe4 Nf5 13.Bg4 Nf6 14.Bg5  1/2-1/2

[Event "Maribor Pirc"]
[Site "Maribor"]
[Date "1994.??.??"]
[Round "6"]
[White "Jelen, Iztok"]
[Black "Rotstein, Arkadij"]
[Result "1-0"]
[WhiteElo "2385"]
[BlackElo "2480"]

1.d4 Nf6 2.c4 g6 3.Nc3 Bg7 4.e4 d6 5.Nf3 O-O 6.Be2 e5 7.O-O Nc6 8.d5 Ne7
9.Ne1 Nd7 10.Nd3 f5 11.f3 f4 12.Bd2 g5 13.Rc1 Ng6 14.c5 dxc5 15.Nb5 a6 16.Na3 Rf7
17.Nxc5 Nxc5 18.Rxc5 Bf8 19.Rc3 Bb4 20.Rd3 Bc5+ 21.Kh1 b5 22.Nc2 Qe7 23.Qe1 h5
24.Bb4 Bd6 25.Bxd6 cxd6 26.Qd1 Rh7 27.h3 Kh8 28.Rc3 Bd7 29.Nb4 Nh4 30.Nd3 b4
31.Rc7 Rg8 32.Nf2 Qd8 33.Qc2 Rhg7 34.Rc1 a5 35.b3 Qb8 36.Ba6 Qb6 37.Bc8 Bb5
38.Rxg7 Rxg7 39.Be6 Kh7 40.Qc8 Ng6 41.Bf5 Kh6 42.Bxg6 Bd7 43.Rc6 Bxc8 44.Rxb6 Rxg6
45.Rb8 Ba6 46.Rh8+ Kg7 47.Ra8 Be2 48.Rxa5 Kf6 49.Ra4 Rg8 50.Rxb4 Rc8 51.Rb6 Rc1+
52.Kh2 Rf1 53.Rxd6+ Kf7 54.Nh1 Rd1 55.Re6 Rd2 56.Nf2 Bxf3 57.gxf3 Rxf2+ 58.Kg1 Rxf3
59.Kg2 Rg3+ 60.Kh2 g4 61.hxg4 hxg4 62.Rxe5 Rh3+ 63.Kg1 Rg3+ 64.Kf2 Rf3+ 65.Ke2 Re3+
66.Kd2 Rf3 67.d6 Rf2+ 68.Kc3 Rxa2 69.Rf5+ Ke6 70.Rxf4 Rg2 71.e5 Rg1 72.Rd4 Rc1+
73.Kb4 Rc8 74.Rxg4 Kxe5 75.d7 Rd8 76.Rg7 Kd6 77.Kb5 Kc7 78.b4 Rh8 79.Rg4 Rb8+
80.Kc5 Rh8 81.Rd4 Rh5+ 82.Kc4 Kd8 83.b5 Rh1 84.Kc5 Rc1+ 85.Kb6 Re1 86.Kb7 Rb1
87.b6 Rb2 88.Ka7 Ra2+ 89.Kb8 Rb2 90.b7 Ra2 91.Rc4 Ra5 92.Rc8+ Kxd7 93.Rc7+ Kd8
94.Rc4  1-0

[Event "Maribor Pirc"]
[Site "Maribor"]
[Date "1994.??.??"]
[Round "7"]
[White "Cebalo, Miso"]
[Black "Tratar, Marko"]
[Result "1/2-1/2"]
[WhiteElo "2520"]
[BlackElo "2380"]

1.d4 Nf6 2.Nf3 g6 3.c4 Bg7 4.Nc3 O-O 5.e4 d6 6.Be2 e5 7.O-O Nc6 8.Be3 Re8
9.dxe5 dxe5 10.h3 Be6 11.c5 a6 12.Qa4 Qe7 13.Rfd1 Rad8 14.Bc4 Nd4 15.Bxe6 Nxf3+
16.gxf3 Qxe6 17.Kg2 c6 18.Qa5 Qe7 19.Qb6 Rxd1 20.Rxd1 Nh5 21.Ne2 Bf6 22.Rd6 Bg5
23.Qb3 Bxe3 24.Qxe3 Ng7 25.Qd2 Ne6 26.b4 a5 27.a3 axb4 28.axb4 Ra8 29.Rd7 Qh4
30.Qb2 Qg5+ 31.Kf1 Rd8 32.Rxd8+ Qxd8 33.Ke1 Qd3 34.Qc3 Nf4 35.Qxd3 Nxd3+
36.Kd2 Nxb4 37.Kc3 Na6 38.Kc4 Nb8 39.Nc1 Kg7 40.Nb3 Nd7 41.Na5 Kh6 42.Nxb7 f6
43.Nd8 Nb8 44.Ne6 Kh5 45.f4 Kh4 46.fxe5 fxe5 47.f4 exf4 48.Nxf4 Kg5 49.Ne6+ Kf6
50.Nd4 g5 51.Kd3 Ke7 52.e5 Kf7 53.Ke4 Kg6 54.Nf5 Nd7 55.Ne7+ Kf7 56.Nxc6 Nxc5+
57.Kf5 Ne6 58.Nb4  1/2-1/2

[Event "Maribor Pirc"]
[Site "Maribor"]
[Date "1994.??.??"]
[Round "8"]
[White "Farago, Ivan"]
[Black "Mohr, Georg"]
[Result "1/2-1/2"]
[WhiteElo "2515"]
[BlackElo "2420"]

1.d4 Nf6 2.Nf3 g6 3.c4 Bg7 4.Nc3 O-O 5.e4 d6 6.Be2 e5 7.O-O Nc6 8.d5 Ne7
9.Nd2 a5 10.Rb1 Bd7 11.b3 Nc8 12.a3 Nb6 13.Qc2 h5 14.b4 axb4 15.axb4 Na4
16.Nxa4 Bxa4 17.Qc3 Bh6 18.f4 Nd7 19.Bb2 Kh7 20.g3 c6 21.Nf3 exf4 22.gxf4 Rg8
23.h4 Bxf4 24.Ng5+ Bxg5 25.Rxf7+ Kh6 26.Qg3 Bd2 27.Qd3 Bg5 28.Qg3 Bd2  1/2-1/2

[Event "Maribor Pirc"]
[Site "Maribor"]
[Date "1994.??.??"]
[Round "11"]
[White "Cebalo, Miso"]
[Black "Rotstein, Arkadij"]
[Result "1/2-1/2"]
[WhiteElo "2520"]
[BlackElo "2480"]

1.d4 Nf6 2.Nf3 g6 3.c4 Bg7 4.Nc3 O-O 5.e4 d6 6.Be2 e5 7.O-O Nc6 8.Be3 Re8
9.dxe5 dxe5 10.h3 Be6 11.c5 a6 12.Qa4 Qe7 13.Rfd1 Rad8 14.Bc4 Nd4 15.Bxe6 Nxf3+
16.gxf3 Qxe6 17.Kg2 c6 18.Qb4 Qe7 19.Rd6 Nh5 20.Rad1 Nf4+ 21.Bxf4 exf4 22.Rxd8 Rxd8
23.Rxd8+ Qxd8 24.Qxb7 Qg5+ 25.Kf1 Bxc3 26.bxc3 Qxc5 27.Qxa6 Qxc3 28.Kg2 c5
29.a4 c4 30.a5 Qa1 31.e5 c3 32.e6 fxe6 33.Qxe6+ Kg7 34.Qe5+ Kg8 35.Qd5+ Kg7
36.Qd4+ Kg8 37.Qc4+ Kg7 38.a6 c2 39.Qxc2 Qxa6 40.Qc7+ Kg8 41.Qxf4 Qe6 42.Qd4 Qf5
43.f4 Kf7 44.Qa7+ Kg8 45.Qb8+ Kf7 46.Qc7+ Kg8 47.Qd8+ Kf7 48.Kg3 Qb1 49.Qd5+ Kf6
50.Qe5+ Kf7 51.Kh4 Qg1 52.Qd5+ Kg7 53.Qe5+ Kf7 54.Qc7+ Kf6 55.Qc3+ Kf7 56.Qg3 Qd1
57.Qe3 Qg1 58.Qd4 Qg2 59.Qd7+  1/2-1/2

[Event "Maromme op"]
[Site "Maromme"]
[Date "1994.??.??"]
[Round "?"]
[White "Grigore, George"]
[Black "Georgiev, Krum"]
[Result "1/2-1/2"]
[WhiteElo "2455"]
[BlackElo "2470"]

1.d4 Nf6 2.c4 g6 3.Nc3 Bg7 4.e4 d6 5.Be2 O-O 6.Nf3 e5 7.O-O Nc6 8.d5 Ne7
9.Nd2 a5 10.a3 Bd7 11.Rb1 a4 12.b4 axb3 13.Nxb3 b6 14.Ra1 Qe8 15.Qc2 Ba4
16.Bd2 Kh8 17.Nxa4 Rxa4 18.Bd1 Ra8  1/2-1/2

[Event "Melbourne"]
[Site "Melbourne"]
[Date "1994.??.??"]
[Round "9"]
[White "Lukey, Stephen G"]
[Black "Roeder, Mathias"]
[Result "0-1"]
[WhiteElo "2285"]
[BlackElo "2435"]

1.d4 Nf6 2.c4 g6 3.Nc3 Bg7 4.e4 d6 5.Nf3 O-O 6.Be2 e5 7.O-O Nc6 8.d5 Ne7
9.b4 a5 10.Ba3 Nd7 11.Ne1 axb4 12.Bxb4 Nc5 13.Nd3 Na6 14.Ba3 b6 15.Bb2 f5
16.f4 Nc5 17.fxe5 Nxd3 18.Bxd3 Bxe5 19.Qd2 f4 20.Be2 g5 21.Qd1 Ng6 22.Bg4 Qf6
23.Bxc8 Bxc3 24.Bxc3 Qxc3 25.Be6+ Kg7 26.Qh5 Qf6 27.Bf5 Ra3 28.Kh1 Rfa8 29.Bxg6 Qxg6
30.Qe2 Re3 31.Qb2+ Qf6 32.Qb5 Rf8 33.Rae1 Rxe1 34.Rxe1 f3 35.Qd7+ Rf7 36.Qg4 f2
37.Rf1 Qf4 38.Qe2 Re7 39.Rxf2 Rxe4 40.Qf1 Qe5 41.Rf7+ Kg6 42.g4 Rxg4 43.h3 Qe4+
44.Kh2 Rf4 45.Rxf4 Qxf4+ 46.Qxf4 gxf4 47.Kg2 Kf5 48.Kf3 Ke5 49.h4 h5  0-1

[Event "Metz op"]
[Site "Metz"]
[Date "1994.??.??"]
[Round "2"]
[White "Ikonnikov, Vyacheslav"]
[Black "Strowsky, Yannick"]
[Result "1-0"]
[WhiteElo "2515"]
[BlackElo "2210"]

1.d4 Nf6 2.Nf3 g6 3.c4 Bg7 4.Nc3 O-O 5.e4 d6 6.Be2 e5 7.O-O Nc6 8.d5 Ne7
9.Ne1 Nd7 10.Be3 f5 11.f3 f4 12.Bf2 g5 13.a4 h5 14.a5 Ng6 15.Nb5 Nf6 16.Nxa7 Bd7
17.c5 g4 18.c6 bxc6 19.Nxc6 Bxc6 20.dxc6 g3 21.hxg3 fxg3 22.Bxg3 h4 23.Bf2 Nh5
24.f4 Ng3 25.Bc4+ Kh7 26.f5 Nf4 27.Bxg3 hxg3 28.Rxf4 exf4 29.Qh5+  1-0

[Event "Metz op"]
[Site "Metz"]
[Date "1994.??.??"]
[Round "7"]
[White "Guyard, Bertrand"]
[Black "Forster, Richard"]
[Result "1/2-1/2"]
[WhiteElo "2185"]
[BlackElo "2330"]

1.d4 Nf6 2.c4 g6 3.Nc3 Bg7 4.e4 d6 5.Be2 O-O 6.Nf3 e5 7.O-O Nc6 8.d5 Ne7
9.b4 Nh5 10.Qb3 Nf4 11.Bxf4 exf4 12.Rad1 Bg4 13.Nd4 Bd7 14.c5 g5 15.Bh5 Ng6
16.Bxg6 hxg6 17.Ne6 Qf6 18.Nxf8 Rxf8 19.c6 Bg4 20.f3 Qxc3 21.Qxc3 Bxc3 22.fxg4 b5
23.a3 Re8 24.Rf3 Bg7 25.a4 Rxe4 26.axb5 Bd4+ 27.Kf1 Be3 28.Ra1 Rxb4 29.Rxe3 fxe3
30.Rxa7  1/2-1/2

[Event "BLR-ch"]
[Site "Minsk"]
[Date "1994.??.??"]
[Round "1"]
[White "Smirnov, Valerij"]
[Black "Fedorov, Alexei"]
[Result "0-1"]
[WhiteElo "2305"]
[BlackElo "2505"]

1.d4 Nf6 2.c4 g6 3.Nc3 Bg7 4.e4 d6 5.Nf3 O-O 6.Be2 e5 7.O-O Nc6 8.d5 Ne7
9.Nd2 c5 10.Rb1 Ne8 11.b4 b6 12.bxc5 bxc5 13.Nb3 f5 14.Bg5 h6 15.Bxe7 Qxe7
16.Na5 Rf6 17.Nc6 Qc7 18.Nb5 Qd7 19.exf5 gxf5 20.Qa4 Rf7 21.Qa5 Bb7 22.Ncxa7 Bf8
23.Qd2 Rg7 24.Rb3 f4 25.Rfb1 Qf5 26.f3 h5 27.Nc6 Bc8 28.Nc3 h4 29.Rb8 Rxb8
30.Rxb8 h3 31.Bf1 hxg2 32.Bxg2 e4 33.Kh1 e3 34.Qe2 Bd7 35.Rb1 Qg6 36.Rg1 Bf5
37.Nd8 Nf6 38.a4 Nh5 39.Ne4 Bxe4 40.fxe4 Ng3+ 41.hxg3 Rh7+  0-1

[Event "Minsk op"]
[Site "Minsk"]
[Date "1994.??.??"]
[Round "1"]
[White "Pushkarjova, Olga"]
[Black "Fedorov, Alexei"]
[Result "0-1"]
[WhiteElo "2105"]
[BlackElo "2505"]

1.d4 Nf6 2.c4 g6 3.Nc3 Bg7 4.e4 d6 5.Nf3 O-O 6.Be2 e5 7.O-O Nc6 8.d5 Ne7
9.Ne1 Ne8 10.Be3 f5 11.f3 f4 12.Bf2 h5 13.c5 g5 14.Nd3 Ng6 15.Rc1 Bh6 16.Rc2 Kh7
17.b4 Rg8 18.Nb2 Nf6 19.cxd6 cxd6 20.Nb5 Rg7 21.Nc4 g4 22.Nbxd6 g3 23.hxg3 fxg3
24.Bxg3 h4 25.Bh2 Nh5 26.Nf5 Bxf5 27.exf5 Ngf4 28.Bd3 Kh8 29.Be4 Ng3 30.Rff2 Qf6
31.Qa1 Re8 32.d6 b5 33.d7 Rxd7 34.Bc6 Qxc6 35.Nxe5 Qf6 36.Ng6+ Kh7 37.Qb1 Re2
38.Rfxe2 Ngxe2+ 39.Kf2 Ng3 40.Bxg3  0-1

[Event "BLR-ch"]
[Site "Minsk"]
[Date "1994.??.??"]
[Round "5"]
[White "Smirnov, Valerij"]
[Black "Dydyshko, Viacheslav"]
[Result "0-1"]
[WhiteElo "2305"]
[BlackElo "2505"]

1.d4 Nf6 2.c4 g6 3.Nc3 Bg7 4.e4 d6 5.Nf3 O-O 6.Be2 e5 7.O-O Nc6 8.d5 Ne7
9.Nd2 a5 10.Rb1 Nd7 11.a3 f5 12.b4 Kh8 13.f3 Ng8 14.Qc2 Nh6 15.Nb5 axb4 16.axb4 Nf6
17.c5 Nh5 18.cxd6 cxd6 19.Nc4 Ra6 20.g3 Nf6 21.Bg5 Nf7 22.Be3 Bh6 23.Bxh6 Nxh6
24.Ra1 Nf7 25.Rxa6 bxa6 26.Na7 Bd7 27.Kh1 fxe4 28.fxe4 Kg7 29.Bd3 Bh3 30.Nc6 Qc7
31.Ra1 Ng5 32.Rxa6 Nfxe4 33.Ra7 Qxa7 34.Nxa7 Rf2 35.Ne3 Nf3  0-1

[Event "Minsk op"]
[Site "Minsk"]
[Date "1994.??.??"]
[Round "7"]
[White "Zagorskis, Darius"]
[Black "Pushkarjow, Andreij"]
[Result "1-0"]
[WhiteElo "2450"]
[BlackElo "2265"]

1.c4 Nf6 2.Nc3 g6 3.d4 Bg7 4.e4 d6 5.Nf3 O-O 6.Be2 e5 7.O-O Nc6 8.d5 Ne7
9.b4 Nh5 10.Nd2 Nf4 11.Bf3 f5 12.a4 g5 13.exf5 Nxf5 14.g3 Ng6 15.Nde4 Nd4
16.Bh5 Bh3 17.Bxg5 Qd7 18.Re1 Rf5 19.Nb5 Raf8 20.Ra3 Qf7 21.Nxd4 exd4 22.f4 h6
23.g4 hxg5 24.gxf5 Bxf5 25.Nxg5 Qf6 26.Bxg6 Bxg6 27.Ne6 d3 28.Rxd3 Bxd3 29.Qxd3 Rf7
30.Kh1 Bh6 31.Rg1+ Kh8 32.Qg3  1-0

[Event "Mislata op 3th"]
[Site "Mislata"]
[Date "1994.??.??"]
[Round "8"]
[White "Veingold, Aleksandr"]
[Black "Mompo Ballester, Vicente"]
[Result "1/2-1/2"]
[WhiteElo "2430"]
[BlackElo "2260"]

1.d4 Nf6 2.Nf3 g6 3.c4 Bg7 4.Nc3 O-O 5.e4 d6 6.Be2 e5 7.O-O Nc6 8.d5 Ne7
9.b4 Nh5 10.g3 f5 11.Ng5 Nf6 12.f3 f4 13.c5 a5 14.cxd6 cxd6  1/2-1/2

[Event "Mondariz op"]
[Site "Mondariz"]
[Date "1994.??.??"]
[Round "?"]
[White "Veingold, Aleksandr"]
[Black "Rodriguez Lopez, Rafael"]
[Result "1-0"]
[WhiteElo "2430"]
[BlackElo "2310"]

1.d4 Nf6 2.Nf3 g6 3.c4 Bg7 4.Nc3 O-O 5.e4 d6 6.Be2 e5 7.O-O Nc6 8.d5 Ne7
9.b4 a5 10.Ba3 Nd7 11.bxa5 Rxa5 12.Bb4 Ra8 13.Nd2 f5 14.a4 Bh6 15.a5 Nf6
16.c5 Bxd2 17.Qxd2 Nxe4 18.Nxe4 fxe4 19.cxd6 cxd6 20.Rfe1 Bf5 21.Ra3 Kg7
22.Bd1 h5 23.h3 Qd7 24.Ba4 b5 25.axb6 Rxa4 26.Rxa4 Qxa4 27.Bxd6 Rf6 28.Bxe5 Qb5
29.Qb2 Qxb2 30.Bxb2 Bc8 31.d6 Nc6 32.Rc1  1-0

[Event "Montecatini Terme op"]
[Site "Montecatini Terme"]
[Date "1994.??.??"]
[Round "?"]
[White "Bartolini, Tommaso"]
[Black "Scotti, Umberto"]
[Result "1-0"]
[WhiteElo "2090"]
[BlackElo "2250"]

1.d4 Nf6 2.c4 g6 3.Nc3 Bg7 4.e4 d6 5.Be2 O-O 6.Nf3 e5 7.O-O Nc6 8.d5 Ne7
9.b4 Ne8 10.c5 h6 11.a4 f5 12.Nd2 Nf6 13.f3 f4 14.Ba3 g5 15.Nc4 Ng6 16.b5 Ne8
17.a5 b6 18.cxd6 cxd6 19.Bb4 Rb8 20.axb6 axb6 21.Ra7 Rb7 22.Rxb7 Bxb7 23.Qa4 Bc8
24.Qa7 g4 25.Nxb6 g3 26.Nxc8 gxh2+ 27.Kh1 Qxc8 28.b6 Nf6 29.b7 Qd8 30.Ba5 Qb8
31.Qxb8 Rxb8 32.Rb1  1-0

[Event "Moscow-ch"]
[Site "Moscow"]
[Date "1994.??.??"]
[Round "?"]
[White "Gagarin, Vasilij"]
[Black "Mukhaev, Aleksander"]
[Result "1-0"]
[WhiteElo "2460"]
[BlackElo "2305"]

1.d4 Nf6 2.Nf3 g6 3.c4 Bg7 4.Nc3 O-O 5.e4 d6 6.Be2 e5 7.O-O Nc6 8.d5 Ne7
9.Nd2 a5 10.b3 Nd7 11.Ba3 f5 12.b4 axb4 13.Bxb4 Nf6 14.c5 Kh8 15.cxd6 cxd6
16.Nc4 Ne8 17.a4 Ng8 18.Qb3 Ngf6 19.Qa3 Nxe4 20.Nxe4 fxe4 21.Nxd6 Nxd6 22.Bxd6 Rf7
23.Bc5 b6 24.Be3 Ba6 25.Bxa6 Rxa6 26.Qb3 Bf8 27.Rfd1 Bd6 28.Qc4 Qa8 29.Ra2 b5
30.Qxb5 Rb7 31.Qc4 Rb4 32.Qc3 Raxa4 33.Rxa4 Rxa4 34.h3 Kg7 35.Qc6 Ra6 36.Qd7+ Kg8
37.Rc1 Bf8 38.Rc7  1-0

[Event "Moscow-ch"]
[Site "Moscow"]
[Date "1994.??.??"]
[Round "?"]
[White "Gagarin, Vasilij"]
[Black "Gelman, Alexander"]
[Result "0-1"]
[WhiteElo "2460"]
[BlackElo "2400"]

1.d4 Nf6 2.Nf3 g6 3.c4 Bg7 4.Nc3 O-O 5.e4 d6 6.Be2 e5 7.O-O Nc6 8.d5 Ne7
9.Nd2 c6 10.dxc6 bxc6 11.Nb3 a5 12.Bg5 h6 13.Bh4 Be6 14.Qc2 a4 15.Nd2 Qa5
16.Bg3 g5 17.Rfd1 Ng6 18.Nf1 Rfd8 19.Ne3 Nf4 20.Rd2 a3 21.b3 Rac8 22.Rad1 d5
23.Bxf4 gxf4 24.Nf1 Bf8 25.Bd3 Bb4 26.exd5 cxd5 27.Bf5 Kg7 28.Bxe6 fxe6 29.Rd3 e4
30.Rh3 Bxc3 31.Rxc3 d4 32.Rh3 Qe5 33.Qe2 Kh7 34.g3 f3 35.Qd2 Ng4 36.Rh4 e3
37.Qd3+ Qf5 38.Rxg4 e2 39.Qe4 Qxe4 40.Rxe4  0-1

[Event "Moscow-ch"]
[Site "Moscow"]
[Date "1994.??.??"]
[Round "?"]
[White "Gagarin, Vasilij"]
[Black "Pogosian, G."]
[Result "1/2-1/2"]
[WhiteElo "2460"]
[BlackElo "2125"]

1.d4 Nf6 2.Nf3 g6 3.c4 Bg7 4.Nc3 O-O 5.e4 d6 6.Be2 e5 7.O-O Nc6 8.d5 Ne7
9.Nd2 a5 10.b3 Ne8 11.Ba3 b6 12.Nb5 f5 13.b4 Nf6 14.bxa5 Rxa5 15.Bb4 Ra8
16.Bd3 Bh6 17.Re1 Ng4 18.exf5 gxf5 19.h3 Nf6 20.a4 Bd7 21.Nf1 Kh8 22.Bc3 Rg8
23.Kh2 Rg6 24.Ng3 Bf4 25.Bd2 Bxb5 26.cxb5 Nfxd5 27.Bc4 Bxd2 28.Qxd2 Nf4 29.Qc3 Qf8
30.a5 bxa5 31.Rxa5 Rxa5 32.Qxa5 Nxg2 33.Kxg2 f4 34.Qxc7 fxg3 35.fxg3 Nf5
36.Qf7 Rxg3+ 37.Kh2 Qxf7 38.Bxf7 Rg7 39.Bd5 Ne7 40.Bg2 Nc8 41.Rc1 Rg8 42.Rc6 Rd8
43.b6 Nxb6 44.Rxb6 d5 45.Re6 e4 46.Re7 Kg8 47.Kg3 Rd6 48.Kf4 Rg6 49.Bxe4 dxe4  1/2-1/2

[Event "Moscow-ch"]
[Site "Moscow"]
[Date "1994.??.??"]
[Round "?"]
[White "Notkin, Maksim"]
[Black "Korotylev, Alexey"]
[Result "1-0"]
[WhiteElo "2465"]
[BlackElo "2430"]

1.d4 g6 2.Nf3 Bg7 3.c4 d6 4.Nc3 Nf6 5.e4 O-O 6.Be2 e5 7.O-O Nc6 8.d5 Ne7
9.Nd2 a5 10.a3 Nd7 11.Rb1 f5 12.b4 Kh8 13.Qc2 Nf6 14.f3 axb4 15.axb4 c6 16.Kh1 f4
17.dxc6 Nxc6 18.Nb5 Qe7 19.Rd1 Rd8 20.Rb3 Be6 21.Nb1 Rac8 22.Qd2 Ne8 23.N1c3 Nc7
24.Bb2 g5 25.Nd5 Bxd5 26.exd5 Nxb5 27.dxc6 Nd4 28.Bxd4 exd4 29.cxb7 Qxb7
30.Bd3 d5 31.c5 Rxc5 32.bxc5 Qxb3 33.Rc1 Rc8 34.c6 Qa3 35.h4 Qd6 36.Qe2 Bf6
37.Bf5 Rc7 38.Qe8+ Kg7 39.Qh5 Qe7 40.hxg5 Bxg5 41.Qxh7+ Kf8 42.Qh8+ Kf7 43.Qh5+  1-0

[Event "Moscow ol (Men)"]
[Site "Moscow"]
[Date "1994.??.??"]
[Round "2"]
[White "Lungu, Nase"]
[Black "Krylov, Sergey"]
[Result "0-1"]
[WhiteElo "2205"]
[BlackElo "2290"]

1.d4 Nf6 2.c4 g6 3.Nc3 Bg7 4.e4 d6 5.Nf3 O-O 6.Be2 e5 7.O-O Nc6 8.Be3 Ng4
9.Bg5 f6 10.Bh4 g5 11.Bg3 Nh6 12.d5 Nd4 13.Nxd4 exd4 14.Nb5 f5 15.exf5 Nxf5
16.Bg4 d3 17.Qxd3 Bxb2 18.Rae1 a6 19.Nc3 Nxg3 20.Qxg3 Bxg4 21.Ne4 Rf4 22.h3 Be5
23.Nd2 Bh5 24.Qb3 Rd4 25.Qe3 Qf6 26.g3 Bg6 27.Kg2 b5 28.h4 gxh4 29.f4 Rxd2+
30.Qxd2 Bc3 31.Qe3  0-1

[Event "Moscow ol (Women)"]
[Site "Moscow"]
[Date "1994.??.??"]
[Round "2"]
[White "Jiretorn, Eva"]
[Black "Belakovskaia, Anjelina"]
[Result "0-1"]
[WhiteElo "2240"]
[BlackElo "2320"]

1.d4 Nf6 2.c4 g6 3.Nc3 Bg7 4.e4 d6 5.Nf3 O-O 6.Be2 e5 7.O-O Nc6 8.d5 Ne7
9.b4 Nh5 10.c5 Nf4 11.Bxf4 exf4 12.Rc1 Bf6 13.Nd4 g5 14.Bh5 Ng6 15.Bxg6 hxg6
16.f3 Kg7 17.g4 fxg3 18.hxg3 Rh8 19.Nde2 a5 20.a3 axb4 21.axb4 Qd7 22.Rf2 Ra3
23.Rg2 Qe7 24.c6 b6 25.Kf2 Be5 26.Nb5 Ra2 27.Rc2 Ra8 28.Nbd4 Qf6 29.Nb5 Bh3
30.Rg1 Bg4 31.Ned4 Rh2+ 32.Rg2 Rah8 33.Ke3 Rh1 34.Rg1 Rxg1 35.Qxg1 Rh3 36.Rg2 Bc8
37.Ne2 Qd8 38.Qd1 Ba6 39.Nbd4 Bxe2 40.Nxe2 Qa8 41.Qb1 Qa3+ 42.Kf2 Rh8 43.Rg1 b5
44.Kg2 Ra8 45.Rd1 Ra4 46.Rd3 Qxb4 47.Qxb4 Rxb4 48.Ra3 Ra4 49.Rb3 b4 50.f4 gxf4
51.gxf4 Bf6 52.Nc1 Bc3 53.Nd3 Kf6 54.Kf3 g5 55.fxg5+ Kxg5 56.e5 dxe5 57.Nc5 Ra8
58.Ne4+ Kf5 59.d6 cxd6 60.Nxd6+ Ke6 61.Nb5 Rh8 62.c7 f5 63.Nxc3 Kd7 64.Rxb4 Rh3+
65.Ke2 Rxc3 66.Rb5 Kd6 67.Rb6+ Kxc7 68.Rf6 f4  0-1

[Event "Moscow ol (Men)"]
[Site "Moscow"]
[Date "1994.??.??"]
[Round "3"]
[White "Cebalo, Miso"]
[Black "Lanka, Zigurds"]
[Result "1/2-1/2"]
[WhiteElo "2520"]
[BlackElo "2540"]

1.d4 Nf6 2.Nf3 g6 3.c4 Bg7 4.Nc3 O-O 5.e4 d6 6.Be2 e5 7.O-O Nc6 8.Be3 Ng4
9.Bg5 f6 10.Bc1 Kh8 11.h3 exd4 12.Nxd4 Nxd4 13.Qxd4 f5 14.Qd1 Nf6 15.exf5 Bxf5
16.Be3 Ne4 17.Nxe4 Bxe4 18.Qd2 a5 19.Rad1 Qf6 20.Bd4 Qxd4 21.Qxd4 Bxd4 22.Rxd4 Bc6
23.f3 Rae8 24.Kf2 Re5 25.Bd3 Kg7 26.h4 Bd7 27.Rc1 Bf5 28.Bf1 Rfe8 29.Rd5 h6
30.Rxe5 Rxe5 31.Rc3 g5 32.hxg5 hxg5 33.Be2 Kf6 34.g3 Bg6 35.Re3 Bf7 36.a3 b6
37.Bd3 Rc5 38.b3 d5 39.b4  1/2-1/2

[Event "Moscow ol (Men)"]
[Site "Moscow"]
[Date "1994.??.??"]
[Round "3"]
[White "Teo Kok Siong"]
[Black "Hansen, Chr Jens"]
[Result "1-0"]
[WhiteElo "2370"]
[BlackElo "2210"]

1.d4 Nf6 2.c4 g6 3.Nc3 Bg7 4.e4 d6 5.Nf3 O-O 6.Be2 e5 7.O-O Nc6 8.d5 Ne7
9.b4 Nh5 10.g3 f5 11.Ng5 Nf6 12.f3 h6 13.Ne6 Bxe6 14.dxe6 c6 15.b5 Ne8 16.bxc6 bxc6
17.Rb1 Rf6 18.c5 d5 19.exd5 cxd5 20.Rb7 Rxe6 21.Qb3 Nc7 22.Rd1 Kh8 23.Bc4 Rc6
24.Bxd5 Ncxd5 25.Nxd5 Nxd5 26.Rxd5 Qg8 27.Bb2 Rd8 28.Rxd8 Qxd8 29.Rb8 Rc8
30.Rxc8 Qxc8 31.Qd5 e4 32.Bxg7+ Kxg7 33.c6 Kf6 34.Qd6+ Qe6 35.Qd4+ Kg5 36.f4+ Kg4
37.Qd1+ Kh3 38.Qf1+ Kg4 39.Qe2+  1-0

[Event "Moscow ol (Women)"]
[Site "Moscow"]
[Date "1994.??.??"]
[Round "3"]
[White "Tazhieva, Lyazzat"]
[Black "Kim, Olga"]
[Result "1/2-1/2"]
[WhiteElo "2250"]
[BlackElo "2135"]

1.d4 Nf6 2.Nf3 g6 3.c4 Bg7 4.Nc3 d6 5.e4 O-O 6.Be2 e5 7.O-O Nc6 8.d5 Ne7
9.Ne1 Ne8 10.Nd3 f5 11.Bd2 f4 12.c5 Nf6 13.a4 Rf7 14.h3 Bf8 15.cxd6 cxd6
16.Qc2 g5 17.f3 Kh8 18.Nb5 Neg8 19.Rfc1 Ne8 20.Nf2 a6 21.Nc3 Rc7 22.a5 Bd7
23.Qb3 Rac8 24.Qb4 Nef6 25.Na4 Rxc1+ 26.Rxc1 Rxc1+ 27.Bxc1 Qc7 28.Bd2 Bxa4
29.Qxa4 Nd7 30.Qc4 Qxc4 31.Bxc4 Ngf6 32.Nd1 Kg7 33.Nc3 Kf7 34.g3 Be7 35.b4 Ke8
36.h4 h6 37.Kg2 Nh5 38.hxg5 hxg5 39.Ne2 Kd8 40.Kh3 Nhf6 41.gxf4 gxf4 42.Be1 Nf8
43.Bf2 N8d7 44.Kg2  1/2-1/2

[Event "Moscow ol (Men)"]
[Site "Moscow"]
[Date "1994.??.??"]
[Round "4"]
[White "Schmidt, Wlodzimierz"]
[Black "Hernandez, Gilberto"]
[Result "1/2-1/2"]
[WhiteElo "2460"]
[BlackElo "2510"]

1.Nf3 Nf6 2.c4 g6 3.Nc3 Bg7 4.e4 d6 5.d4 O-O 6.Be2 e5 7.O-O Nc6 8.d5 Ne7
9.Ne1 Nd7 10.Be3 f5 11.f3 f4 12.Bf2 g5 13.a4 Ng6 14.a5 h5 15.Nb5 Nf6 16.Nxa7 Bd7
17.c5 g4 18.c6 g3 19.hxg3 fxg3 20.Bxg3 Rxa7 21.cxd7 Nxd7 22.f4 exf4 23.Bf2 Ra8
24.Bxh5 Nde5 25.Bxg6 Nxg6 26.Qh5 Ne5 27.Ra3 Qe8 28.Qg5 Rf7 29.Bd4 Nc4 30.Rh3 Qxe4
31.Bxg7 Rxg7 32.Qxf4 Re8 33.Qh6 Qh7 34.Qxh7+ Rxh7 35.Rxh7 Kxh7 36.Nd3 Nxa5
37.Rf7+ Kh6 38.Rxc7 Re5 39.Nf2 Re1+ 40.Kh2 Re2 41.Nd3 Re3 42.Nc1 Nb3 43.Nxb3 Rxb3
44.Re7 Rxb2 45.Re6+ Kg7 46.Rxd6 Rd2 47.Kg3 Kf7 48.Kf3 Ke7 49.Rb6 Rxd5 50.Rxb7+ Kf6  1/2-1/2

[Event "Moscow ol (Men)"]
[Site "Moscow"]
[Date "1994.??.??"]
[Round "5"]
[White "Dumitrache, Dragos"]
[Black "Situru, Nathanael"]
[Result "1-0"]
[WhiteElo "2475"]
[BlackElo "2415"]

1.d4 Nf6 2.c4 g6 3.Nc3 Bg7 4.e4 d6 5.Nf3 O-O 6.Be2 e5 7.O-O Nc6 8.d5 Ne7
9.Nd2 a5 10.a3 Nd7 11.Rb1 f5 12.b4 Kh8 13.f3 Ng8 14.Qc2 Ngf6 15.Bd3 f4 16.Nb5 b6
17.Bb2 Ne8 18.Be2 h5 19.c5 dxc5 20.bxc5 Nxc5 21.Nc4 Nd7 22.a4 g5 23.Rfc1 Ba6
24.Ba3 Rf6 25.Nb2 Rg6 26.Bf1 g4 27.Nxc7 Bxf1 28.Ne6 Bxg2 29.Nxd8 gxf3 30.Qc6 Nef6
31.Nf7+ Kh7 32.h4 Nxe4 33.Nd3 Rg8 34.Be7 Bh3+ 35.Ng5+ Nxg5 36.Bxg5 Bf5 37.Qc4 Bh6
38.Kf2 Bxg5 39.hxg5 Rxg5 40.Rg1 Rg2+ 41.Rxg2 Rxg2+ 42.Kf1 Rd2 43.Rb3 Rd1+
44.Kf2 Rd2+ 45.Ke1 Re2+ 46.Kf1 Nc5 47.Nf2 Nxb3 48.Qxb3 e4 49.d6 Kg7 50.Qc3+ Kg6
51.Qc6  1-0

[Event "Moscow ol (Women)"]
[Site "Moscow"]
[Date "1994.??.??"]
[Round "5"]
[White "Sekulovska, Vesna"]
[Black "Velikhanli, Firuza"]
[Result "0-1"]
[WhiteElo "2055"]
[BlackElo "2315"]

1.d4 Nf6 2.c4 g6 3.Nc3 Bg7 4.e4 d6 5.Be2 O-O 6.Nf3 e5 7.O-O Nc6 8.d5 Ne7
9.Ne1 a5 10.Nd3 Nd7 11.Be3 f5 12.f3 b6 13.b4 axb4 14.Nxb4 Kh8 15.a4 Nf6 16.g4 Bd7
17.Nd3 Neg8 18.Nf2 Ne8 19.Qc1 h5 20.Bg5 Bf6 21.Bxf6+ Nexf6 22.gxf5 gxf5 23.Qg5 f4
24.Kh1 Rf7 25.Rg1 Qe7 26.Nd3 Rh7 27.Nb5 Be8 28.Qh4 Rg7 29.Rxg7 Qxg7 30.Qe1 Qh7
31.Bf1 h4 32.Bh3 Bh5 33.Qf1 Nh6 34.Nc3 Nf7 35.Bf5 Qh6 36.Qf2 Ng5 37.Ne1 Rg8
38.a5 bxa5 39.Rxa5 Qg7 40.Ra1 h3 41.Qf1 Nxf3 42.Nxf3 Qg2+ 43.Qxg2 hxg2+ 44.Kg1 Bxf3
45.Ra2 Rg5 46.Rf2 Rxf5 47.Rxf3 Rh5 48.Kxg2 Ng4 49.h3 Ne3+ 50.Kh2 Nxc4 51.Rd3 Ne3
52.Nb5 Rg5 53.Nxc7 Rg2+ 54.Kh1 Re2  0-1

[Event "Moscow ol (Women)"]
[Site "Moscow"]
[Date "1994.??.??"]
[Round "5"]
[White "Tazhieva, Lyazzat"]
[Black "Mortensen, Beatrix"]
[Result "1-0"]
[WhiteElo "2250"]
[BlackElo "2100"]

1.d4 Nf6 2.Nf3 g6 3.c4 Bg7 4.Nc3 O-O 5.e4 d6 6.Be2 e5 7.O-O Nc6 8.d5 Ne7
9.Ne1 Ne8 10.Be3 f5 11.f3 f4 12.Bf2 h5 13.c5 g5 14.cxd6 cxd6 15.a4 Rf6 16.a5 Rg6
17.Nb5 a6 18.Bb6 Qd7 19.Qa4 Nxd5 20.exd5 Qe7 21.Qc2 Qf6 22.Bd3 Rh6 23.Nc7 Nxc7
24.Qxc7 Bf5 25.Bxf5 Qxf5 26.Qc2 Qf7 27.Qe4 g4 28.Rc1 Re8 29.Nd3 Qf6 30.fxg4 hxg4
31.Rxf4 Qh4 32.Rxg4 Qxh2+ 33.Kf1 Rf6+ 34.Ke2 Qh5 35.Rc7 Rf7 36.Rxf7 Qxf7
37.Qg6  1-0

[Event "Moscow ol (Men)"]
[Site "Moscow"]
[Date "1994.??.??"]
[Round "5"]
[White "Isaev, Jamshed"]
[Black "Temirbaev, Serik"]
[Result "1/2-1/2"]
[WhiteElo "2380"]
[BlackElo "2465"]

1.d4 Nf6 2.c4 g6 3.Nc3 Bg7 4.e4 d6 5.Nf3 O-O 6.Be2 e5 7.O-O Nc6 8.d5 Ne7
9.Nd2 Ne8 10.b4 f5 11.c5 fxe4 12.Ndxe4 Nf5 13.Bg5 Nf6 14.Rc1 a6 15.Qd2 Nxe4
16.Nxe4 Qd7 17.Bg4 h6 18.Be3 Qd8 19.Bf3 Kh7 20.Rc2 Bd7 21.Rfc1 Ba4 22.Rc3 Rf7
23.Be2 Bb5 24.Bd1 Be8 25.cxd6 cxd6 26.Qc2 Bd7 27.Be2 Nxe3 28.Rxe3 Bf5 29.Qb3 Qb6
30.Ng3 Raf8 31.Bf3 h5 32.Nxf5 Rxf5 33.Rc4 Rf4 34.Rxf4 Rxf4 35.Re4 Qc7 36.Qb1 Kh6  1/2-1/2